| 000 | 01477nam a22003254a 4500 | ||
|---|---|---|---|
| 001 | ebr10192262 | ||
| 003 | CaPaEBR | ||
| 006 | m u | ||
| 007 | cr cn||||||||| | ||
| 008 | 030224s2003 vaua s 000 0 eng | ||
| 020 | _z0873552156 | ||
| 040 |
_aCaPaEBR _cCaPaEBR |
||
| 035 | _a(OCoLC)560320218 | ||
| 050 | 1 | 4 |
_aQC363 _b.R54 2003eb |
| 082 | 0 | 4 |
_a535/.071/273 _221 |
| 100 | 1 | _aRobertson, William C. | |
| 245 | 1 | 0 |
_aLight _h[electronic resource]. |
| 260 |
_aArlington, Va. : _bNSTA Press, _cc2003. |
||
| 300 |
_ax, 106 p. : _bill. |
||
| 490 | 1 | _aStop faking it | |
| 500 | _aEnclosed light kit contains: three color gels (red, blue, yellow), Three sheets of polarized film, one diffraction grating peephole in pocket. | ||
| 505 | 0 | _aLight-the early years -- Colorful waves -- Focus, people, focus! -- Not-so-cheap sunglasses -- When light waves collide -- All about eyeballs -- Fire the photon torpedoes, Mr. Sulu! | |
| 533 |
_aElectronic reproduction. _bPalo Alto, Calif. : _cebrary, _d2013. _nAvailable via World Wide Web. _nAccess may be limited to ebrary affiliated libraries. |
||
| 650 | 0 |
_aLight _xStudy and teaching (Middle school) |
|
| 650 | 0 |
_aOptics _xStudy and teaching (Middle school) |
|
| 655 | 7 |
_aElectronic books. _2local |
|
| 710 | 2 | _aebrary, Inc. | |
| 800 | 1 |
_aRobertson, William C. _tStop faking it! |
|
| 856 | 4 | 0 |
_uhttp://site.ebrary.com/lib/rucke/Doc?id=10192262 _zAn electronic book accessible through the World Wide Web; click to view |
| 999 |
_c113556 _d113556 |
||